000 00707nam a2200193Ia 4500
005 20250807114243.0
008 008 250516s9999 xx 000 0 hin d
020 _a9789390462049
040 _beng
_cSDCL
041 _ahin
_2hin
084 _aR66x1 R1
100 _aMishra, Parmeshvar Nath
_9809603
245 0 _aAmit Kal Rekha :
_bAdi Shankaracharya aur unka avirbhav kal, (507-475 B.C.)
246 _aअमिट काल रेखा :
_bअदि शंकराचार्य और उनका अविर्भाव काल, (५०७ - ४७५ बी. सी )
260 _aKolkatta:
_bManav Prakashan,
_c2021.
300 _a530p.
650 _aSanskrit
942 _cTEXL
_2CC
999 _c1429601
_d1429601